000 00582nam a2200193 4500
999 _c13011
_d13011
003 MIRAKIL
005 20190321175538.0
008 190321b tu ||||| |||| 00| 0 tur d
020 _a9789751017215
040 _aTR-AnCHP
_cTR-AnCHP
041 _atur
082 _a811.42
_bA74d 2001
100 _aAşık Veysel
_d1894-1973
245 1 0 _aDostlar beni hatırlasın :
_bhayatı ve bütün şiirleri /
_cAşık Veysel.
260 _aİstanbul :
_bİnkılap kitabevi,
_c2001.
300 _a244 ,16 s.:
_bfotğ.;
_c20 sm.
650 0 _919
_aTürk edebiyatı
_xŞiirler
942 _2ddc
_cBKS